[Event "Ct. Catalunya eq DH"]
[Site "?"]
[Date "2013.02.02"]
[Round "3.6"]
[White "Perez Mañas, B."]
[Black "Vidarte Morales, A."]
[Result "1/2-1/2"]
[WhiteElo "2381"]
[BlackElo "2412"]
[PlyCount "88"]
[EventDate "2013.??.??"]
[EventType "tourn"]
[EventRounds "11"]

1. e4 c5 2. Nf3 e6 3. d4 cxd4 4. Nxd4 a6 5. c4 Qc7 6. Nc3 b6 7. Be3 Bb7 8. Bd3
Nf6 9. Rc1 d6 10. O-O Nbd7 11. f3 Rc8 12. b3 Be7 13. Bb1 O-O 14. Qe2 Rfe8 15.
Kh1 Qb8 16. g4 g6 17. Qf2 Bf8 18. Nde2 Ba8 19. Ng3 h6 20. Qd2 Kh7 21. g5 hxg5
22. Bxg5 b5 23. cxb5 axb5 24. Bxf6 Nxf6 25. Qg5 Bg7 26. Qxb5 Qa7 27. Qd3 d5 28.
exd5 Nxd5 29. Nxd5 Bxd5 30. Ne4 Kg8 31. Qd2 f5 32. Ng5 Bf6 33. Rxc8 Rxc8 34.
Qg2 Qe3 35. Ne4 Bg7 36. Qxg6 fxe4 37. fxe4 Rf8 38. Rxf8+ Kxf8 39. exd5 Qf3+ 40.
Qg2 Qd1+ 41. Qg1 Qxd5+ 42. Qg2 Qd1+ 43. Qg1 Qf3+ 44. Qg2 Qd1+ 1/2-1/2

[Event "Ct. Catalunya eq DH"]
[Site "?"]
[Date "2013.02.02"]
[Round "3.6"]
[White "Perpinya Rofes, LM."]
[Black "Ramirez Garcia, JA."]
[Result "1-0"]
[WhiteElo "2439"]
[BlackElo "2309"]
[PlyCount "83"]
[EventDate "2013.??.??"]
[EventType "tourn"]
[EventRounds "11"]

1. e4 e5 2. Nf3 Nf6 3. Nxe5 Qe7 4. d4 Nc6 5. Nc3 Nxe5 6. dxe5 Qxe5 7. f4 Qe6 8.
Bd3 Bc5 9. Qf3 Qg4 10. Rf1 d6 11. Qxg4 Nxg4 12. Nd5 Kd8 13. h3 c6 14. Nc3 Ne3
15. Rf2 b5 16. Re2 Nc4 17. a4 Bb4 18. axb5 cxb5 19. Bxc4 bxc4 20. Bd2 Re8 21.
Nb5 Bc5 22. Ba5+ Kd7 23. Nc7 Bb7 24. Nxa8 Bxa8 25. e5 g5 26. fxg5 Rxe5 27. Rxe5
dxe5 28. Bc3 Bxg2 29. h4 Be4 30. Kd2 Bf2 31. Bxe5 Ke6 32. Bf4 Kf5 33. Be3 Bxh4
34. Rf1+ Ke5 35. Rxf7 a5 36. Re7+ Kd5 37. Ra7 Kc6 38. Rxa5 Bd5 39. Ra6+ Kb5 40.
Rb6+ Ka5 41. Rh6 c3+ 42. Kxc3 1-0

[Event "Ct. Catalunya eq DH"]
[Site "?"]
[Date "2013.02.02"]
[Round "3.6"]
[White "Pueyo Burrell, D."]
[Black "Escandell Mari, JC."]
[Result "1/2-1/2"]
[WhiteElo "2306"]
[BlackElo "2366"]
[PlyCount "89"]
[EventDate "2013.??.??"]
[EventType "tourn"]
[EventRounds "11"]

1. e4 c5 2. Nf3 Nc6 3. d4 cxd4 4. Nxd4 e5 5. Nb5 d6 6. N1c3 a6 7. Na3 Be7 8.
Nd5 Nf6 9. Nxf6+ Bxf6 10. Nc4 Be7 11. Be3 Be6 12. Nb6 Rb8 13. Be2 O-O 14. O-O
Bg5 15. Nd5 Bxe3 16. Nxe3 Qh4 17. Bf3 Rbd8 18. c3 g6 19. Nd5 Kh8 20. Qd2 h6 21.
g3 Qg5 22. Rfd1 f5 23. Qxg5 hxg5 24. Rd2 Kg7 25. Rad1 Kf7 26. exf5 gxf5 27.
Bh5+ Kg7 28. Nc7 Bxa2 29. Rxd6 Bf7 30. Bxf7 Kxf7 31. Ne6 Rxd6 32. Rxd6 Ke7 33.
Rxc6 Rf6 34. Rb6 Rxe6 35. Rxb7+ Kf6 36. Kg2 g4 37. f3 Rd6 38. fxg4 fxg4 39. h4
Kf5 40. Rf7+ Ke4 41. Kf2 Rd2+ 42. Kg1 Rxb2 43. h5 Rb6 44. Kg2 Rh6 45. Rg7
1/2-1/2

[Event "Ct. Catalunya eq DH"]
[Site "?"]
[Date "2013.02.02"]
[Round "3.7"]
[White "Baños, OF."]
[Black "Castellano Egea, E."]
[Result "1/2-1/2"]
[WhiteElo "2314"]
[BlackElo "2296"]
[PlyCount "79"]
[EventDate "2013.??.??"]
[EventType "tourn"]
[EventRounds "11"]

1. d4 e6 2. c4 d5 3. Nf3 Nf6 4. e3 Be7 5. Nbd2 O-O 6. Bd3 dxc4 7. Nxc4 b6 8.
O-O Bb7 9. b3 Nbd7 10. Bb2 c5 11. Qe2 Rc8 12. Rfd1 Qc7 13. Rac1 Qb8 14. Nce5
Qa8 15. Ba6 cxd4 16. Bxd4 Nc5 17. Bxb7 Qxb7 18. h3 Nce4 19. Qb5 Nd5 20. Qd3
Ndf6 21. Qb1 Bb4 22. Rxc8 Rxc8 23. Rc1 Nc3 24. Bxc3 Rxc3 25. Rxc3 Bxc3 26. Qd3
Qc7 27. Nc4 Bb4 28. a4 h6 29. Nfe5 a6 30. Nf3 Nd7 31. Ncd2 Qd6 32. Qxd6 Bxd6
33. Kf1 Bb4 34. Ke2 Nc5 35. Nc4 b5 36. axb5 axb5 37. Nd6 Nxb3 38. Nxb5 Nc5 39.
Nfd4 Ne4 40. Nf3 1/2-1/2

[Event "Ct. Catalunya eq DH"]
[Site "?"]
[Date "2013.02.02"]
[Round "3.7"]
[White "Bofill Mas, A."]
[Black "Rojas Keim, LA."]
[Result "1-0"]
[WhiteElo "2417"]
[BlackElo "2456"]
[PlyCount "39"]
[EventDate "2013.??.??"]
[EventType "tourn"]
[EventRounds "11"]

1. c4 Nf6 2. g3 e6 3. Bg2 c5 4. Nf3 d5 5. O-O Nc6 6. cxd5 exd5 7. d4 c4 8. Nc3
Bb4 9. Bg5 Be6 10. e4 Bxc3 11. bxc3 h6 12. exd5 Bxd5 13. Re1+ Kf8 14. Bxf6 Qxf6
15. Rb1 Kg8 16. Rxb7 Kh7 17. Ne5 Bxg2 18. Qb1+ Kg8 19. Kxg2 Rf8 20. Nd7 1-0

[Event "Ct. Catalunya eq DH"]
[Site "?"]
[Date "2013.02.02"]
[Round "3.7"]
[White "Garrido Fernandez, D."]
[Black "Maroto Borras, JL."]
[Result "1-0"]
[WhiteElo "2287"]
[BlackElo "2132"]
[PlyCount "81"]
[EventDate "2013.??.??"]
[EventType "tourn"]
[EventRounds "11"]

1. e4 e6 2. d3 d5 3. Qe2 Be7 4. Nf3 Nf6 5. g3 b6 6. Bg2 Bb7 7. e5 Nfd7 8. O-O
c5 9. c4 d4 10. h4 Nc6 11. Bf4 h6 12. h5 g5 13. hxg6 fxg6 14. g4 g5 15. Bg3 Qc7
16. Nbd2 O-O-O 17. Ne4 Nf8 18. a3 Ng6 19. b4 Nf4 20. Bxf4 gxf4 21. bxc5 bxc5
22. Rab1 Ba8 23. Rfe1 Nxe5 24. Nxe5 Qxe5 25. Nd6+ Bxd6 26. Qxe5 Bxe5 27. Rxe5
f3 28. Rxc5+ Kd7 29. Bh3 Kd6 30. Ra5 Rhg8 31. Kh2 Rg5 32. Rxa7 h5 33. Rb5 e5
34. Ra6+ Kc7 35. Ra7+ Kc6 36. gxh5 Rxh5 37. Ra6+ Kc7 38. Rc5+ Kb8 39. Rb6+ Ka7
40. Rb4 Ka6 41. Rcb5 1-0

[Event "Ct. Catalunya eq DH"]
[Site "?"]
[Date "2013.02.02"]
[Round "3.7"]
[White "Jose Abril, R."]
[Black "Rodriguez Vargas, O."]
[Result "1-0"]
[WhiteElo "2397"]
[BlackElo "2408"]
[PlyCount "85"]
[EventDate "2013.??.??"]
[EventType "tourn"]
[EventRounds "11"]

1. d4 d5 2. c4 e6 3. Nf3 c5 4. cxd5 exd5 5. g3 c4 6. Bg2 Bb4+ 7. Bd2 a5 8. O-O
Ne7 9. b3 Nbc6 10. a4 O-O 11. Na3 c3 12. Be1 Bf5 13. Qc1 Rc8 14. Nb5 c2 15. Qb2
Bxe1 16. Nxe1 Nb4 17. Rc1 Qb6 18. Na3 Rc7 19. Nexc2 Rfc8 20. Ne3 Bd7 21. Rxc7
Qxc7 22. Rd1 g5 23. h3 f5 24. Nac2 Be6 25. Nxb4 axb4 26. Qd2 Qc3 27. Qd3 f4 28.
gxf4 gxf4 29. Ng4 Bxg4 30. hxg4 Qxd3 31. Rxd3 Rc3 32. Rf3 Kg7 33. Rxf4 Rxb3 34.
g5 Rb1+ 35. Kh2 b3 36. Rf6 b5 37. Rb6 bxa4 38. Rb7 Kf8 39. e4 Rd1 40. exd5 Rxd4
41. Rb8+ Kf7 42. Rb7 Kf8 43. Rb5 1-0

[Event "Ct. Catalunya eq DH"]
[Site "?"]
[Date "2013.02.02"]
[Round "3.8"]
[White "Avila Jimenez, X."]
[Black "Rahal, M."]
[Result "1/2-1/2"]
[WhiteElo "2336"]
[BlackElo "2433"]
[PlyCount "75"]
[EventDate "2013.??.??"]
[EventType "tourn"]
[EventRounds "11"]

1. d4 e6 2. c4 f5 3. Nf3 Nf6 4. Nc3 Bb4 5. Qb3 a5 6. a3 a4 7. Qc2 Bxc3+ 8. Qxc3
O-O 9. Bg5 d6 10. g3 h6 11. Bxf6 Qxf6 12. Bg2 Nc6 13. O-O e5 14. dxe5 dxe5 15.
Rad1 Be6 16. Rd2 e4 17. Nd4 Nxd4 18. Qxd4 Qxd4 19. Rxd4 c5 20. Rd2 Bxc4 21. Rc1
b5 22. g4 Rae8 23. gxf5 Rxf5 24. Rc3 Rfe5 25. Re3 Bd5 26. Bh3 R8e7 27. f4 Rh5
28. Bg4 Rh4 29. h3 h5 30. Bf5 Bb7 31. Bg6 Rxf4 32. Rd8+ Rf8 33. Bh7+ Kf7 34.
Rd6 Re6 35. Rd7+ Re7 36. Rd6 Re6 37. Rd7+ Re7 38. Rd6 1/2-1/2

[Event "Ct. Catalunya eq DH"]
[Site "?"]
[Date "2013.02.02"]
[Round "3.8"]
[White "Bautista Sanchez, J."]
[Black "Fernandez Cazorla, A."]
[Result "0-1"]
[WhiteElo "2294"]
[BlackElo "2303"]
[PlyCount "70"]
[EventDate "2013.??.??"]
[EventType "tourn"]
[EventRounds "11"]

1. Nf3 Nf6 2. c4 c6 3. Nc3 d5 4. e3 a6 5. c5 Nbd7 6. d4 e5 7. Be2 e4 8. Nd2 g6
9. b4 b6 10. Nb3 a5 11. a3 axb4 12. axb4 Rxa1 13. Nxa1 bxc5 14. bxc5 Bh6 15.
Qa4 Nb8 16. O-O O-O 17. Bd2 Qc7 18. Nb3 Ng4 19. g3 f5 20. Ra1 Rf7 21. Qa5 Qxa5
22. Nxa5 Nf6 23. Rb1 Nfd7 24. Na4 Rf8 25. Nb6 Bg5 26. Nxc8 Rxc8 27. Nb7 Be7 28.
Ba5 Kf7 29. Nd6+ Bxd6 30. cxd6 c5 31. dxc5 Rxc5 32. Bc7 Nc6 33. Ba6 Ke6 34. Bc8
Nce5 35. Bb8 Rxc8 0-1

[Event "Ct. Catalunya eq DH"]
[Site "?"]
[Date "2013.02.02"]
[Round "3.8"]
[White "Bosque Ortega, X."]
[Black "Camacho Collados, J."]
[Result "0-1"]
[WhiteElo "2322"]
[BlackElo "2345"]
[PlyCount "84"]
[EventDate "2013.??.??"]
[EventType "tourn"]
[EventRounds "11"]

1. d4 Nf6 2. Nf3 g6 3. Bf4 Bg7 4. e3 O-O 5. h3 c5 6. c3 d6 7. Be2 Nc6 8. O-O
Nd5 9. Bh2 e5 10. dxe5 dxe5 11. Nbd2 Qe7 12. Qb3 Rd8 13. Rfd1 e4 14. Ne1 Be6
15. Qa4 f5 16. Nc4 a6 17. Rxd5 Rxd5 18. Nb6 Rd2 19. Nxa8 Rxe2 20. Rb1 Qd8 21.
Nc7 Qd2 22. Qd1 Bxa2 23. Ra1 Qxd1 24. Rxd1 Bb3 25. Rb1 Ba2 26. Rd1 Rxb2 27. Bd6
b6 28. Nxa6 Bxc3 29. g4 Rd2 30. Rxd2 Bxd2 31. Ng2 c4 32. gxf5 gxf5 33. Nh4 Kf7
34. Nxf5 Ke6 35. Ng3 Kxd6 36. Nxe4+ Kd7 37. Nxd2 c3 38. Ne4 c2 39. Nac5+ bxc5
40. Nxc5+ Kd6 41. Nd3 Bc4 42. Nc1 Nb4 0-1

[Event "Ct. Catalunya eq DH"]
[Site "?"]
[Date "2013.02.02"]
[Round "3.8"]
[White "Colls Gelaberto, E."]
[Black "Fernandez Lopez, J."]
[Result "1-0"]
[WhiteElo "2249"]
[BlackElo "2144"]
[PlyCount "53"]
[EventDate "2013.??.??"]
[EventType "tourn"]
[EventRounds "11"]

1. Nf3 d5 2. d4 c6 3. c4 Nf6 4. e3 Bf5 5. cxd5 Nxd5 $6 6. Nbd2 Qa5 7. Ne5 Nf6
$4 8. Qb3 $18 Nd5 9. Qxb7 Nb4 10. Qxa8 Qc7 11. Bc4 e6 12. O-O Bd6 13. a3 Nc2
14. Nxc6 O-O 15. Nxb8 Rxb8 16. Qf3 Nxa1 17. b3 Nc2 18. b4 Bg6 19. Ba6 $2 Qc3 $2
(19... Bxh2+ $16) 20. Nc4 Be7 21. Bb2 Qb3 22. e4 Qa4 23. Na5 Nxb4 24. axb4 Bxb4
25. Ra1 Qc2 26. Nc4 Rb6 27. Rc1 1-0

[Event "Ct. Catalunya eq DH"]
[Site "?"]
[Date "2013.02.02"]
[Round "3.8"]
[White "Draghici Flutor, G."]
[Black "Llaneza Vega, P."]
[Result "1/2-1/2"]
[WhiteElo "2088"]
[BlackElo "2241"]
[PlyCount "176"]
[EventDate "2013.??.??"]
[EventType "tourn"]
[EventRounds "11"]

1. e4 c5 2. Nf3 Nc6 3. Bb5 g6 4. Nc3 Bg7 5. O-O Nh6 6. d3 O-O 7. Be3 Nd4 8. Bc4
Ng4 9. Bf4 d6 10. Nxd4 cxd4 11. Ne2 Qb6 12. h3 Nf6 13. Bd2 a5 14. c3 dxc3 15.
bxc3 Bd7 16. Rb1 Qc7 17. Nf4 Bc6 18. Nd5 Nxd5 19. exd5 b5 20. Bxb5 Bxd5 21. c4
Be6 22. Qf3 Qc5 23. a4 Rfc8 24. Be3 Qf5 25. Bc6 Rab8 26. Be4 Qxf3 27. Bxf3 Bf5
28. Be2 Bc3 29. Ba7 Rb4 30. Rfc1 Ra8 31. Bb6 Rxb1 32. Rxb1 Rb8 33. Rc1 Rxb6 34.
Rxc3 Rb1+ 35. Bf1 Ra1 36. g4 Bd7 37. d4 Bxa4 38. Kg2 e6 39. Be2 Bd1 40. Bxd1
Rxd1 41. c5 dxc5 42. dxc5 Rd7 43. c6 Rc7 44. Ra3 Rxc6 45. Rxa5 Rc4 46. Ra7 g5
47. Ra5 h6 48. Ra7 Kg7 49. Kg3 Rc3+ 50. Kg2 Rd3 51. Rb7 Rd4 52. Ra7 h5 53. gxh5
Rh4 54. Kg3 Rxh5 55. Kg4 Rh4+ 56. Kxg5 Rxh3 57. Kg4 Rd3 58. Rb7 Kf6 59. Kf4 Rd5
60. Ra7 Rf5+ 61. Ke3 Kg5 62. Ra8 Re5+ 63. Kf3 Rb5 64. Rg8+ Kf5 65. Rh8 Rb3+ 66.
Kg2 f6 67. Rh5+ Kg6 68. Ra5 e5 69. Ra8 Kg5 70. Rg8+ Kf4 71. Rg6 f5 72. Rg8 e4
73. Re8 Rb6 74. Ra8 Rb5 75. Ra7 Ke5 76. Ra8 Kd4 77. Ra4+ Kc3 78. Ra3+ Kc2 79.
Kg3 Rd5 80. Kf4 Rd3 81. Ra2+ Kb3 82. Re2 Rf3+ 83. Ke5 Kc3 84. Ra2 Kd3 85. Rb2
f4 86. Rb3+ Ke2 87. Rb2+ Kd3 88. Rb3+ Ke2 1/2-1/2

[Event "Ct. Catalunya eq DH"]
[Site "?"]
[Date "2013.02.02"]
[Round "3.8"]
[White "Martin Gonzalez, A."]
[Black "Borras Duran, P."]
[Result "1-0"]
[WhiteElo "2440"]
[BlackElo "2325"]
[PlyCount "95"]
[EventDate "2013.??.??"]
[EventType "tourn"]
[EventRounds "11"]

1. e4 g6 2. f4 Bg7 3. Nf3 d5 4. exd5 Qxd5 5. Nc3 Qd6 6. d4 Bg4 7. h3 Bxf3 8.
Qxf3 Nc6 9. d5 Nd4 10. Qf2 O-O-O 11. Be3 Nf5 12. Bxa7 Qb4 13. O-O-O Bxc3 14.
bxc3 Qa3+ 15. Kb1 Nf6 16. Qc5 Qxc5 17. Bxc5 Nxd5 18. Kb2 Nxf4 19. Bc4 e6 20. g4
Nd6 21. Bb3 f6 22. c4 Ne4 23. Rxd8+ Rxd8 24. Be3 e5 25. h4 Ng3 26. Rg1 Nge2 27.
Rf1 f5 28. gxf5 gxf5 29. c5 Re8 30. Rf2 Ng1 31. Rf1 Ngh3 32. Rf3 Re7 33. Rg3
Kd7 34. Bc4 Ng6 35. Rxh3 f4 36. h5 Nf8 37. Bg1 Ne6 38. Rd3+ Ke8 39. Bf2 Ng5 40.
Bh4 h6 41. Bxg5 hxg5 42. h6 g4 43. Bg8 e4 44. Rd4 g3 45. h7 Rxh7 46. Bxh7 e3
47. c6 bxc6 48. Be4 1-0

[Event "Ct. Catalunya eq DH"]
[Site "?"]
[Date "2013.02.02"]
[Round "3.9"]
[White "Hernando Rodrigo, JM."]
[Black "Lopez Agustench, E."]
[Result "1-0"]
[WhiteElo "2393"]
[BlackElo "2343"]
[PlyCount "69"]
[EventDate "2013.??.??"]
[EventType "tourn"]
[EventRounds "11"]

1. d4 d5 2. c4 e6 3. Nc3 Be7 4. Nf3 Nf6 5. Bg5 h6 6. Bxf6 Bxf6 7. e3 O-O 8.
cxd5 exd5 9. Bd3 c6 10. Rc1 Re8 11. h3 Nd7 12. O-O g6 13. b4 a6 14. Qb3 Bg7 15.
Rfd1 Nb6 16. a4 Be6 17. Ne2 Qd6 18. Nf4 Re7 19. Nxe6 Qxe6 20. b5 cxb5 21. axb5
a5 22. Rc5 Rd7 23. Rdc1 Bf8 24. R5c2 Bd6 25. Be2 Qe7 26. Ne1 Rc7 27. Rxc7 Bxc7
28. Nd3 Bd6 29. Bf3 a4 30. Qa2 Ra5 31. Rb1 a3 32. Bxd5 Nxd5 33. Qxd5 Qd7 34.
Ne5 a2 35. Qxa2 1-0

[Event "Ct. Catalunya eq DH"]
[Site "?"]
[Date "2013.02.02"]
[Round "3.9"]
[White "Lopez Santana, O."]
[Black "Almirall Botella, J."]
[Result "1/2-1/2"]
[WhiteElo "2176"]
[BlackElo "2056"]
[PlyCount "50"]
[EventDate "2013.??.??"]
[EventType "tourn"]
[EventRounds "11"]

1. e4 Nf6 2. e5 Nd5 3. d4 d6 4. Bc4 c6 5. Bb3 Bf5 6. Nf3 e6 7. O-O Nd7 8. Qe2
Qc7 9. Nh4 Bg6 10. c4 Ne7 11. f4 O-O-O 12. Nc3 Nf5 13. Nxf5 Bxf5 14. g4 Bg6 15.
f5 exf5 16. gxf5 dxe5 17. d5 Bc5+ 18. Kh1 Nf6 19. fxg6 hxg6 20. Bg5 Nh5 21.
Bxd8 Ng3+ 22. Kg2 Qd7 23. hxg3 Qh3+ 24. Kf3 Qf5+ 25. Kg2 Qh3+ 1/2-1/2

[Event "Ct. Catalunya eq DH"]
[Site "?"]
[Date "2013.02.02"]
[Round "3.9"]
[White "Mateu Guiu, E."]
[Black "Lillo Ferrer, JM."]
[Result "1-0"]
[WhiteElo "2115"]
[BlackElo "2200"]
[PlyCount "109"]
[EventDate "2013.??.??"]
[EventType "tourn"]
[EventRounds "11"]

1. e4 g6 2. d4 Bg7 3. Nc3 d6 4. Be3 a6 5. Qd2 Nd7 6. h4 h5 7. Nf3 b5 8. Ng5 Bb7
9. f3 c5 10. dxc5 dxc5 $2 11. O-O-O $16 Ngf6 12. Bxc5 $14 (12. e5 Nxe5 13.
Qxd8+ Rxd8 14. Rxd8+ Kxd8 15. f4 Nfg4 16. Bd2 Ke8 17. fxe5 $16) 12... Nxc5 13.
Qxd8+ Rxd8 14. Rxd8+ Kxd8 15. Nxf7+ Ke8 16. Nxh8 Bxh8 17. g3 Nfd7 $11 18. Bh3
Ne5 19. Rf1 Nc4 20. Nd1 b4 21. Re1 e6 22. Bf1 Ne5 23. f4 Nf3 24. Re3 Bxe4 25.
c3 a5 $2 (25... b3) 26. Nf2 bxc3 27. bxc3 Bb7 28. Bg2 Nh2 29. Bxb7 Nxb7 30.
Rxe6+ $18 Kf7 31. Ra6 Nd8 32. Ne4 Nf1 33. Rd6 Ne6 34. Rd7+ Ke8 35. Ra7 Bg7 36.
Rxa5 Bf8 37. a4 Ne3 38. Ng5 Ba3+ 39. Kb1 Nc5 40. Ra7 Nf5 41. a5 Kd8 42. Nf7+
Kc8 43. Ne5 Ne4 44. Kc2 Ne7 45. Ra6 Bd6 46. Nc4 Bc5 47. Re6 Nxg3 48. Re5 Kb7
49. Rxc5 Nef5 50. Rb5+ Ka7 51. Rb6 Nxh4 52. Nd6 Ng2 53. Nb5+ Ka8 54. a6 Nxf4
55. a7 1-0

[Event "Ct. Catalunya eq DH"]
[Site "?"]
[Date "2013.02.02"]
[Round "3.9"]
[White "Pascual Genoves, M."]
[Black "Subirats Ruiz, S."]
[Result "1-0"]
[WhiteElo "2302"]
[BlackElo "2253"]
[PlyCount "53"]
[EventDate "2013.??.??"]
[EventType "tourn"]
[EventRounds "11"]

1. e4 e5 2. Nf3 Nc6 3. Bb5 a6 4. Ba4 Nf6 5. d3 b5 6. Bb3 Bc5 7. O-O d6 8. c3
O-O 9. a4 Bg4 10. axb5 axb5 11. Rxa8 Qxa8 12. Bg5 Nd7 13. h3 Bh5 14. g4 Bg6 15.
Bd5 b4 16. d4 Ba7 17. Qa4 Ndb8 18. cxb4 Nxd4 19. Bxa8 Nxf3+ 20. Kg2 Nxg5 21.
Qxa7 Nxe4 22. f3 Nf6 23. Qxc7 Na6 24. Qb7 Nxb4 25. Qxb4 Rxa8 26. Qxd6 e4 27. f4
1-0

[Event "Ct. Catalunya eq DH"]
[Site "?"]
[Date "2013.02.02"]
[Round "3.10"]
[White "Degerhammar, T."]
[Black "Heredia Tarrats, A."]
[Result "0-1"]
[WhiteElo "2032"]
[BlackElo "2129"]
[PlyCount "98"]
[EventDate "2013.??.??"]
[EventType "tourn"]
[EventRounds "11"]

1. c4 Nf6 2. Nc3 d5 3. cxd5 Nxd5 4. g3 g6 5. Bg2 Nb6 6. d3 Bg7 7. Bg5 O-O 8.
Qd2 Nc6 9. Bxc6 bxc6 10. Bh6 c5 11. h4 Bb7 12. Rh2 Qd4 13. h5 Rad8 14. Rh4 Qf6
15. Qf4 Qxf4 16. Bxf4 e5 17. Bg5 f6 18. Be3 g5 19. Rh2 c4 20. Bxb6 axb6 21.
dxc4 Rd4 22. b3 Rfd8 23. Rd1 Rxd1+ 24. Nxd1 Bf8 25. Ne3 Bb4+ 26. Kf1 Rd2 27. a4
Rb2 28. Nd5 Bxd5 29. cxd5 e4 30. g4 Rxb3 31. Rh3 Rb1+ 32. Kg2 Rd1 33. Re3 Rd4
34. f3 exf3+ 35. exf3 Kf7 36. Ne2 Rxd5 37. Ng3 Rd2+ 38. Kf1 c5 39. Nf5 c4 40.
Re2 Rd1+ 41. Kg2 c3 42. Ne3 Rd3 43. Nc4 Bc5 44. a5 bxa5 45. Nxa5 Rd2 46. Kf1 c2
47. Nb3 Rd1+ 48. Re1 Rxe1+ 49. Kxe1 Be3 0-1

[Event "Ct. Catalunya eq DH"]
[Site "?"]
[Date "2013.02.02"]
[Round "3.10"]
[White "Gonzalez Hernandez, F."]
[Black "Castellet Giralt, G."]
[Result "0-1"]
[WhiteElo "2239"]
[BlackElo "2285"]
[PlyCount "138"]
[EventDate "2013.??.??"]
[EventType "tourn"]
[EventRounds "11"]

1. e4 e6 2. d4 d5 3. Nc3 Bb4 4. Nge2 dxe4 5. a3 Bxc3+ 6. Nxc3 Nc6 7. Bb5 Nge7
8. Nxe4 O-O 9. c3 Qd5 10. Qe2 f5 11. Ng3 Qxg2 12. f4 Qxe2+ 13. Kxe2 Bd7 14. Kf2
Rad8 15. Re1 Bc8 16. b4 Nd5 17. Bd2 Nce7 18. a4 Ng6 19. Nh5 Nf6 20. Nxf6+ gxf6
21. Re2 Kf7 22. Rae1 Rg8 23. Bc4 Nh4 24. Bc1 Rg2+ 25. Kf1 Rxe2 26. Rxe2 c6 27.
Re3 Ng6 28. Rh3 Kg7 29. Be3 e5 30. Rg3 e4 31. Be2 Be6 32. c4 Rg8 33. Ke1 a6 34.
Kd2 Kf7 35. Kc3 Ke7 36. b5 axb5 37. axb5 Ra8 38. Kb4 Ra2 39. Bh5 Bf7 40. bxc6
bxc6 41. d5 cxd5 42. cxd5 Kd6 43. Bxg6 hxg6 44. Bd4 Kxd5 45. Bxf6 Rxh2 46. Ra3
Rd2 47. Ra5+ Kc6 48. Ra6+ Kb7 49. Ra3 Rd1 50. Kc5 Rd5+ 51. Kb4 Rd6 52. Be5 Rd5
53. Ra5 Rxa5 54. Kxa5 Kc6 55. Kb4 Kd5 56. Bf6 e3 57. Kc3 Ke4 58. Bg5 Kf3 59.
Kc2 Ke2 60. Bh4 Be8 61. Kc1 Ba4 62. Bf6 Kf3 63. Bg5 Ke4 64. Bh6 Kd3 65. Bf8 Bb3
66. Kb2 Bd5 67. Kc1 e2 68. Bb4 g5 69. fxg5 f4 0-1

[Event "Ct. Catalunya eq DH"]
[Site "?"]
[Date "2013.02.02"]
[Round "3.10"]
[White "Martin Capitan, F."]
[Black "Espinoza Palomino, W."]
[Result "0-1"]
[WhiteElo "2139"]
[BlackElo "2290"]
[PlyCount "42"]
[EventDate "2013.??.??"]
[EventType "tourn"]
[EventRounds "11"]

1. e4 e5 2. Nf3 Nc6 3. Nc3 Nf6 4. Bb5 Bb4 5. O-O O-O 6. d3 d6 7. h3 a6 8. Ba4
b5 9. Bb3 Na5 10. Bg5 c6 11. Ne2 h6 12. Be3 Nxb3 13. axb3 Ba5 14. Ng3 Bc7 15.
Qd2 Kh7 16. Nf5 d5 17. Bc5 dxe4 18. N3h4 Re8 19. Qe3 Nd5 20. Qg3 g6 21. dxe4
Nf4 0-1

[Event "Ct. Catalunya eq DH"]
[Site "?"]
[Date "2013.02.02"]
[Round "3.10"]
[White "Mestre Bellido, H."]
[Black "Fernandez Madrid, C."]
[Result "1/2-1/2"]
[WhiteElo "2357"]
[BlackElo "2300"]
[PlyCount "62"]
[EventDate "2013.??.??"]
[EventType "tourn"]
[EventRounds "11"]

1. e4 c5 2. Nf3 g6 3. d4 cxd4 4. Nxd4 Bg7 5. Be3 Nc6 6. Nc3 Nf6 7. Be2 O-O 8.
Nb3 d6 9. O-O Be6 10. f4 Na5 11. f5 Bd7 12. Qe1 Nxb3 13. axb3 Bc6 14. Qh4 e6
15. fxe6 fxe6 16. Bf3 Nd7 17. Qh3 Qe7 18. Bg4 Rxf1+ 19. Rxf1 Nf8 20. Qf3 b5 21.
Bf4 b4 22. Nd1 a5 23. Qd3 d5 24. exd5 exd5 25. Bf3 Kh8 26. Kh1 Ne6 27. Qe3 d4
28. Qe2 Bxf3 29. Rxf3 Re8 30. Bc1 Qd8 31. Qc4 Nc5 1/2-1/2

[Event "Ct. Catalunya eq DH"]
[Site "?"]
[Date "2013.02.02"]
[Round "3.10"]
[White "Ruiz Manchon, FX."]
[Black "Oliva Valero, O."]
[Result "1-0"]
[WhiteElo "2273"]
[BlackElo "2302"]
[PlyCount "105"]
[EventDate "2013.??.??"]
[EventType "tourn"]
[EventRounds "11"]

1. e4 e6 2. d3 d5 3. Nd2 Nf6 4. Ngf3 c5 5. g3 g6 6. Bg2 Bg7 7. O-O O-O 8. Re1
Nc6 9. exd5 exd5 10. c3 Bf5 11. Nb3 b6 12. Bg5 Qd7 13. Bxf6 Bxf6 14. d4 c4 15.
Nbd2 Rfe8 16. Nf1 b5 17. Ne3 Be4 18. Nd2 Bxg2 19. Kxg2 b4 20. Qf3 Rxe3 21. fxe3
Bg5 22. h4 Bh6 23. g4 f5 24. gxf5 Rf8 25. Rf1 Ne7 26. Qh3 Nxf5 27. Rae1 Qe7 28.
Kh1 Rb8 29. Rxf5 gxf5 30. Qg3+ Kf7 31. Rf1 Rb6 32. Rxf5+ Rf6 33. Qf3 Rxf5 34.
Qxf5+ Kg7 35. Qg4+ Kf7 36. Nf1 bxc3 37. bxc3 Qa3 38. Qf5+ Kg7 39. Qe5+ Kf8 40.
Qf6+ Ke8 41. Qxh6 Qxc3 42. Qe6+ Kd8 43. Qxd5+ Kc7 44. Qf7+ Kb6 45. Qxh7 Qe1 46.
Kg1 Qc1 47. Qg6+ Ka5 48. Qf5+ Ka4 49. Qc5 c3 50. Qxa7+ Kb4 51. Qc5+ Ka4 52.
Qc4+ Ka5 53. d5 1-0

[Event "Ct. Catalunya eq DH"]
[Site "?"]
[Date "2013.02.09"]
[Round "4.1"]
[White "Alsina Leal, D."]
[Black "Jerez Perez, A."]
[Result "1-0"]
[WhiteElo "2522"]
[BlackElo "2480"]
[PlyCount "67"]
[EventDate "2013.??.??"]
[EventType "tourn"]
[EventRounds "11"]

1. e4 c6 2. d4 d5 3. e5 Bf5 4. Nf3 e6 5. Be2 c5 6. Be3 cxd4 7. Nxd4 Ne7 8. O-O
Nbc6 9. Bb5 a6 10. Bxc6+ bxc6 11. c4 Qd7 12. Qa4 dxc4 13. Nd2 c5 14. Qxd7+ Kxd7
15. Nxf5 Nxf5 16. Nxc4 Kc6 17. g4 Nd4 18. Bxd4 cxd4 19. Rac1 Bc5 20. Rfd1 Rhd8
21. Kg2 Rd5 22. Rd3 Rb8 23. f4 h6 24. Kf3 g5 25. Ke4 gxf4 26. Rf1 Rg8 27. Rxf4
Rg5 28. h3 Rd7 29. Nd2 Rg8 30. Nf3 Kc7 31. Rf6 Rh8 32. b3 a5 33. Nxd4 Rhd8 34.
Rxf7 1-0

[Event "Ct. Catalunya eq DH"]
[Site "?"]
[Date "2013.02.09"]
[Round "4.1"]
[White "Cuadras Avellana, J."]
[Black "Fluvia Poyatos, Joan"]
[Result "1/2-1/2"]
[WhiteElo "2388"]
[BlackElo "2541"]
[PlyCount "79"]
[EventDate "2013.??.??"]
[EventType "tourn"]
[EventRounds "11"]

1. e4 c5 2. Nf3 d6 3. d4 cxd4 4. Nxd4 Nf6 5. Nc3 a6 6. Be2 e5 7. Nb3 Be7 8. O-O
O-O 9. Kh1 b5 10. a4 b4 11. Nd5 Nxd5 12. Qxd5 Ra7 13. Be3 Be6 14. Qa5 Qxa5 15.
Nxa5 Rc7 16. Rac1 d5 17. exd5 Bxd5 18. b3 Bc5 19. Bxc5 Rxc5 20. Nc4 Be6 21.
Rfe1 a5 22. Bd3 Bxc4 23. Bxc4 Nd7 24. c3 bxc3 25. Rxc3 Rfc8 26. Rce3 Kf8 27. g3
f6 28. Kg2 Nb6 29. Ba6 Rd8 30. Rd3 Rxd3 31. Bxd3 g6 32. Rb1 Rd5 33. Bb5 Rd2 34.
b4 axb4 35. Rxb4 Nd5 36. Rb3 e4 37. Kf1 Ra2 38. Bc6 Ne7 39. Rb8+ Kf7 40. Bxe4
1/2-1/2

[Event "Ct. Catalunya eq DH"]
[Site "?"]
[Date "2013.02.09"]
[Round "4.1"]
[White "Movsziszian, K."]
[Black "Beltran Rueda, S."]
[Result "1-0"]
[WhiteElo "2517"]
[BlackElo "2479"]
[PlyCount "111"]
[EventDate "2013.??.??"]
[EventType "tourn"]
[EventRounds "11"]

1. g3 c5 2. Bg2 Nc6 3. d3 d5 4. Nf3 e5 5. O-O Nf6 6. Nbd2 Be7 7. e4 d4 8. Nc4
Nd7 9. a4 O-O 10. Ne1 Nb6 11. f4 Nxc4 12. dxc4 Be6 13. b3 f6 14. f5 Bf7 15. Rf2
a6 16. Bf1 Qc7 17. h4 Be8 18. g4 h6 19. Rg2 Nd8 20. Nf3 Nf7 21. Bd3 Bc6 22. Qe2
Qd7 23. Bd2 b6 24. Kh1 Qb7 25. Re1 Nd6 26. Rg3 Kf7 27. Kg1 Ke8 28. g5 hxg5 29.
hxg5 Kd7 30. Nh4 b5 31. axb5 axb5 32. Ng6 Rfe8 33. Rh3 bxc4 34. bxc4 Bd8 35.
Rh7 Kc8 36. Qg4 Ra4 37. gxf6 Bxf6 38. Bg5 Qf7 39. Bxf6 Qxf6 40. Qh4 Qxh4 41.
Nxh4 Nxc4 42. Bxc4 Rxc4 43. Rxg7 Rxc2 44. f6 d3 45. Rd1 d2 46. Kf2 Rf8 47. f7
Be8 48. Nf5 Bxf7 49. Nd6+ Kd7 50. Rxf7+ Rxf7+ 51. Nxf7 c4 52. Nxe5+ Kc7 53. Ke3
c3 54. Nd3 Kd6 55. Kd4 Ke6 56. Kc4 1-0